000 006360000a22001810004500
003 MACL
005 20160428135316.0
008 160428b xxu||||| |||| 00| 0 eng d
040 _aMACL
_cMACL
041 _aHindi
082 _a800
100 _aडॉ दौलत सिंह पालीवाल
_954579
245 _aसर्वेश्‍वर दयाल सक्‍सेना का काव्‍य संवेदना और शिल्‍प
260 _bभावना प्रकाशन
_c2009
_aदिल्‍ली
350 _a300
650 _aLiteracture
_954580
942 _cHIN
_k800/PAL/L
_2ddc
999 _c22452
_d22452